| 000 | 01301nam a2200325Ia 4500 | ||
|---|---|---|---|
| 001 | ebr10348467 | ||
| 003 | CaPaEBR | ||
| 006 | m u | ||
| 007 | cr cn||||||||| | ||
| 008 | 080721s2008 ctuaf s 000 0 eng d | ||
| 020 | _z9780300140231 (pbk.) | ||
| 020 | _z0300140231 (pbk.) | ||
| 040 |
_aCaPaEBR _cCaPaEBR |
||
| 035 | _a(OCoLC)391334722 | ||
| 050 | 1 | 4 |
_aRC339.52.F73 _bY68 2008eb |
| 100 | 1 | _aYoung-Bruehl, Elisabeth. | |
| 245 | 1 | 0 |
_aAnna Freud _h[electronic resource] : _ba biography / _cby Elisabeth Young-Bruehl. |
| 250 | _a2nd ed. | ||
| 260 |
_aNew Haven, CT. ; _aLondon : _bYale University Press, _c2008. |
||
| 300 |
_axiv, 545 p., [16] p. of plates : _bill. |
||
| 533 |
_aElectronic reproduction. _bPalo Alto, Calif. : _cebrary, _d2010. _nAvailable via World Wide Web. _nAccess may be limited to ebrary affiliated libraries. |
||
| 600 | 1 | 0 |
_aFreud, Anna, _d1895-1982. |
| 650 | 0 |
_aWomen psychoanalysts _zAustria _vBiography. |
|
| 650 | 0 |
_aPsychoanalysts _zAustria _vBiography. |
|
| 650 | 0 |
_aChild psychotherapists _zAustria _vBiography. |
|
| 650 | 0 |
_aChild analysis _xHistory. |
|
| 655 | 7 |
_aElectronic books. _2local |
|
| 710 | 2 | _aebrary, Inc. | |
| 856 | 4 | 0 |
_uhttp://site.ebrary.com/lib/rucke/Doc?id=10348467 _zAn electronic book accessible through the World Wide Web; click to view |
| 999 |
_c43702 _d43702 |
||